District Line stations - with map - Statistiques

Statistiques générales
  • Ce quiz a été pris 10 fois
  • Le résultat moyen est 47 sur 60
Réponses sur la Carte
Les réponses sont colorées sur une échelle allant du rouge au vert en fonction du pourcentage des utilisateurs qui les ont devinées à leur premier essai. Vous pouvez retrouver ces pourcentages ci-dessous.
 
Statistiques - réponses
Réponse % Correct
Aldgate East
100%
Bayswater
100%
Blackfriars
100%
Cannon Street
100%
Dagenham East
100%
Ealing Broadway
100%
Earl's Court
100%
East Ham
100%
Edgware Road
100%
Embankment
100%
Gloucester Road
100%
Hammersmith
100%
High Street Kensington
100%
Kensington (Olympia)
100%
Kew Gardens
100%
Mansion House
100%
Mile End
100%
Monument
100%
Notting Hill Gate
100%
Paddington
100%
Richmond
100%
Sloane Square
100%
Southfields
100%
South Kensington
100%
Stepney Green
100%
St James's Park
100%
Temple
100%
Upminster
100%
Upminster Bridge
100%
Victoria
100%
West Ham
100%
Westminster
100%
Whitechapel
100%
Wimbledon
100%
Acton Town
50%
Barking
50%
Barons Court
50%
Becontree
50%
Bow Road
50%
Chiswick Park
50%
Dagenham Heathway
50%
Ealing Common
50%
East Putney
50%
Elm Park
50%
Fulham Broadway
50%
Gunnersbury
50%
Hornchurch
50%
Parsons Green
50%
Plaistow
50%
Putney Bridge
50%
Ravenscourt Park
50%
Stamford Brook
50%
Tower Hill
50%
Turnham Green
50%
Upney
50%
Upton Park
50%
West Brompton
50%
West Kensington
50%
Wimbledon Park
50%
Bromley-by-Bow
0%
Aucun quiz correspondant
Distribution des résultats
% des personnes avec chaque résultat
Percentile par nombre de réponses
Votre historique - résultats
Vous n’avez pas pris ce quiz